| 000 | 00894nam a22002177a 4500 | ||
|---|---|---|---|
| 005 | 20251108164315.0 | ||
| 008 | 250721s1990 xx 000 0 ara d | ||
| 082 | 1 | 4 | _a811.609/خبا |
| 100 | 1 |
_aالعثيمين، عبد الرحمن بن سيلان _eتحقيق |
|
| 245 | 1 | 0 | _aالريدة في شرح القصيدة التي أنشاها سعيد بن المبارك ... إبن الدهان النحوي في عويص الإعراب / |
| 246 | 1 | 3 | _aالمقدمة اللؤلوة في النحو |
| 264 | 1 |
_aالقاهرة : _bمكتبة الخانجي، _c1990. |
|
| 300 | _a205ص | ||
| 650 | 1 | 7 | _aاللغة العربية |
| 650 | 1 | 7 | _aالشعر العربي |
| 650 | 1 | 7 | _aالنقد الأدبي |
| 700 | 1 | _aإبن الخباز، شمس الدين أبو عبد الله أحمد | |
| 700 | 1 | _aالسرمدي، نظم جمال الدين | |
| 942 |
_2ddc _cBK |
||
| 999 |
_c8903 _d8903 |
||